000 00527cam a22002171 4500
001 sa 64005954
003 DLC
005 20260227112036.0
008 891030s1963 ii 000 0 kano
010 _asa 64005954
035 _a(OCoLC)20572304
040 _aDLC
_cWaU
_dDLC
042 _apremarc
050 0 0 _aPN6222.I5
_bR3
100 1 _aRamachar, Bangarabale S.
245 1 0 _aNagisi kuṇisanē Bisrā.
260 _c[1963]
300 _a96 p.
_c18 cm.
500 _aIn Kannada.
650 0 _aKannada wit and humor.
999 _c59431
_d59431